[Zdokonaľovanie strategického manažmentu]

Recenzia na vedeckú monografiu, ktoré rieši problematiku strategického manažmentu, vízií, plánovania, kontroly, merania dynamiky a tvorby stratégie tímového vodcovsta.

Saved in:
Bibliographic Details
Main Author: Ljudvigová, Ivana
Format: Book Chapter
Language:Slovak
Subjects:
Tags: Add Tag
No Tags, Be the first to tag this record!

MARC

LEADER 00000naa a2200000 4500
001 0163005
005 20240502072826.6
041 0 |a slo 
044 |a SK 
245 1 0 |a [Zdokonaľovanie strategického manažmentu]  |c Ivana Ljudvigová 
520 |a Recenzia na vedeckú monografiu, ktoré rieši problematiku strategického manažmentu, vízií, plánovania, kontroly, merania dynamiky a tvorby stratégie tímového vodcovsta. 
610 2 0 |a prostredie podnikateľské 
610 2 0 |a recenzie 
610 2 0 |a výhody konkurenčné 
100 1 |a Ljudvigová, Ivana